00672nam a2200193Ia 4500003000900000008004100009020001800050040001600068080001200084100002500096245013000121260004300251300001500294650001800309650004100327942000700368999001500375952008800390IN-BaIIA211028s9999 xx 000 0 eng d a0-8053-4747-X cIIA Library a52bAPF aApfel, Necia H97685 0aArchitecture of the universeba biography of Albert A MichelsoncNecia H. Apfel  aCaliforniabThe Benjamin-Cumminsc1979 axii, 499p. aAstronomy980 aAstronomy and astrophysics thesaurus cBK c6581d6581 00104070aBANbBANcGENd1980-10-09l0o52/ APFp7317r2021-11-05w1980-10-09yBK